| 000 | 00552nam a22001817a 4500 | ||
|---|---|---|---|
| 999 |
_c165785 _d165785 |
||
| 005 | 20220303130020.0 | ||
| 010 | _aENG-125838 | ||
| 020 |
_a9788178245317 _c795.00 |
||
| 035 | _aEN-109370 | ||
| 037 | _bDBAD/PUB | ||
| 082 | _a808.8 | ||
| 100 | _aKrishna, Arvind | ||
| 245 |
_aTranslating the Indian past : _band other literary histories/ _cNeelesh Raghuvanshi |
||
| 260 |
_aRanikhet _bPermanent Black _c2019 |
||
| 270 |
_aHimalayana, Mall Road _bRanikhet _e263645 |
||
| 300 |
_axvi,253. _c23cm(hbk) |
||
| 942 |
_2ddc _cEN _h808.8 _mKRI |
||